Liñas e Paradas da Compañía de Tranvías de La Coruña - Estadísticas

Estadísticas generales
  • Esta prueba ha sido intentada 42 veces
  • La puntuación promedio es 12 de 477
Estadísticas de respuestas
Cód Parada % Correcto
523 Abente y Lago
56%
540 Espacio Coruña
32%
027 Obelisco
28%
001 Porta Real
28%
205 | 342 A Cabana
24%
372 A Pasaxe
24%
550 Área Comercial Marineda
24%
005 | 025 Pza. de Ourense
24%
549 As Lagoas
20%
086 Labañou, 5
20%
129 San Pedro de Mezonzo
20%
151 Durmideiras, mercado
16%
088 Manuel Azaña, 64
16%
464 O Carón
16%
026 Pza. de Mina
16%
197 Pza. de Pontevedra, 11
16%
398 Pza. de Pontevedra, 18
16%
322 Ramón y Cajal
16%
237 Riazor
16%
059 CHUAC, glorieta
12%
491 Fragas do Eume
12%
085 Honduras
12%
526 Juana de Vega
12%
160 Juan Flórez, 10
12%
187 Juan Flórez, 56
12%
043 Manuel Azaña, 27
12%
493 Novo Mesoiro, 25
12%
488 Novo Mesoiro, 30
12%
020 Os Castros
12%
115 Pablo Picasso, 11
12%
282 | 283 Paxariñas
12%
315 Pocomaco, gasolineira
12%
195 Pza. de Vigo
12%
321 | 397 Salgado Torres, túnel
12%
359 Salvador de Madariaga, gasolineira
12%
221 | 230 A Silva
8%
175 A Torre, 63
8%
403 | 405 Av. do Butano
8%
562 Av. do Ferrocarril, 14
8%
412 Bens
8%
008 Catro Camiños
8%
150 Durmideiras, praia
8%
503 Edificio Proa
8%
090 Emilio González López, 54
8%
301 Feáns, 32
8%
310 Feáns, 55
8%
177 Hípica
8%
552 | 590 Hospital de Oza
8%
189 Juan Flórez, 116
8%
596 Juan Flórez, 18
8%
087 Manuel Azaña, 26
8%
487 Novo Mesoiro, 10
8%
494 Novo Mesoiro, 5
8%
204 O Birloque, fronte peña A Chave
8%
295 | 340 O Martinete
8%
327 Pocomaco B4
8%
313 Pocomaco C15
8%
579 Pza. de Casares Quiroga
8%
199 Pza. de España
8%
196 Pza. de Galicia
8%
124 Rda. de Outeiro, 232
8%
306 Urbanización Breogán
8%
231 Ventorrillo
8%
028 Autoridade Portuaria
4%
003 Av. da Mariña, Obelisco
4%
276 Av. da Pasaxe, oncolóxico
4%
291 Av. da Pasaxe, Ponte da Pasaxe
4%
286 Av. de Alfonso Molina, Coliséum
4%
287 Av. de Alfonso Molina, Edif. Sindicatos
4%
399 Av. de Alfonso Molina, Estación Autobuses
4%
400 Av. de Alfonso Molina, Fdez. Latorre
4%
281 Av. de Alfonso Molina, Matogrande
4%
344 Av. de Alfonso Molina, Pza. de Madrid
4%
567 Av. do Ferrocarril, 33
4%
580 Av. do Ferrocarril, fronte á Pza. de Ozores Arráiz
4%
566 Av. do Ferrocarril, Pza. de Ozores Arráiz
4%
176 Baltasar Pardal
4%
462 Campus da Zapateira, Aparelladores
4%
354 Campus da Zapateira, Arquitectura
4%
356 Campus da Zapateira, Filoloxía
4%
497 Campus de Elviña, Edif. Sindicatos
4%
348 Campus de Elviña, glorieta
4%
349 Campus de Elviña, Informática
4%
206 Capitán Juan Varela
4%
044 Castelao, Estrada dos Fortes
4%
424 | 434 Cocheiras
4%
075 Concepción Arenal, 21
4%
041 Costa da Palloza, 5
4%
250 Costa da Unión
4%
089 Emilio González López, 32
4%
553 Emilio González López, 44
4%
042 Emilio González López, Manuel Azaña
4%
076 Enrique Hervada, 4
4%
394 Estrada Campus de Elviña
4%
222 | 229 Fontenova
4%
045 Gran Canaria, Colombia
4%
459 Intercampus, Económicas
4%
460 Intercampus, glorieta Elviña
4%
457 Intercampus, pobo
4%
561 José María Rivera Corral
4%
194 Juan Flórez, 119
4%
188 Juan Flórez, 82
4%
336 Mesoiro, 73
4%
141 Museo Militar
4%
433 Nova York, fronte Filoloxía
4%
432 Nova York, Rialta
4%
323 O Birloque, peña A Chave
4%
180 O Parrote, Capitanía
4%
146 Orillamar, 42
4%
145 Orillamar, 6
4%
285 Pablo Picasso, 4
4%
117 Pablo Picasso, Casares Quiroga
4%
184 Panadeiras, Museo
4%
047 Paseo de Rda., IES Salvador de Madariaga
4%
345 Paxariñas, Álvaro Cunqueiro
4%
251 Pla y Cancela, 38
4%
328 Pocomaco A5
4%
314 Pocomaco C8
4%
024 Primo de Rivera, viaduto
4%
004 Pza. de Mina, 26
4%
068 Pza. de Pablo Iglesias
4%
137 Pza. de Pontevedra, 8
4%
186 Pza. de Pontevedra, IES Eusebio da Guarda
4%
053 Rda. de Nelle, 9
4%
093 Rda. de Outeiro, 269
4%
131 San Pedro de Visma, 1
4%
166 San Pedro de Visma, Estrada de Bens
4%
130 San Pedro de Visma, igrexa
4%
201 Santo Tomás, 72
4%
573 Travesía de Meicende, 159
4%
588 Urbanización O Carón
4%
067 Abegondo, 3
0%
243 Alcalde Jaime Hervada
0%
369 Alcampo
0%
482 A Maestranza, Metrosidero
0%
178 A Maestranza, Veramar
0%
223 | 228 A Moura
0%
350 Antonio Insua Rivas, 2
0%
351 Antonio Insua Rivas, 34
0%
352 Antonio Insua Rivas, 54
0%
353 Antonio Insua Rivas, 86
0%
447 Antonio Noche, 10
0%
582 | 583 Aparcadoiro Lonzas
0%
371 A Pasaxe, Santa Xema
0%
202 As Lagoas, glorieta
0%
591 As Xubias
0%
174 A Torre, 91
0%
595 Aurelio Aguirre Galarraga
0%
064 Av. da Concordia, 14
0%
069 Av. da Concordia, 188
0%
065 Av. da Concordia, 50
0%
066 Av. da Concordia, 72
0%
019 Av. da Concordia, 9
0%
134 Av. da Habana, 25
0%
163 Av. da Habana, Cidade Xardín
0%
162 Av. da Habana, Estadio
0%
384 Av. da Habana, Pérez Lugín
0%
002 Av. da Mariña, Teatro Rosalía
0%
036 Av. da Pasaxe, 47
0%
500 Av. da Pasaxe, As Xubias
0%
055 Av. da Pasaxe, Av. da Concordia
0%
056 Av. da Pasaxe, Casablanca
0%
292 Av. da Pasaxe, Colexio Santa María do Mar
0%
275 Av. da Pasaxe, gasolineira
0%
293 Av. da Pasaxe, Materno Infantil
0%
057 Av. da Pasaxe, San Rafael
0%
060 Av. da Pasaxe, tanatorio
0%
061 Av. da Pasaxe, viaduto
0%
256 Av. da Sardiñeira, Estación de Trens
0%
255 Av. da Sardiñeira, Europa
0%
472 Av. da Sardiñeira, Fenosa
0%
473 Av. da Sardiñeira, IES
0%
289 Av. de Alfonso Molina, baixo autoestrada
0%
346 Av. de Alfonso Molina, Campus de Elviña
0%
288 Av. de Alfonso Molina, cruzamento A Zapateira
0%
279 Av. de Alfonso Molina, Ofimático
0%
278 | 290 Av. de Alfonso Molina, Palavea
0%
277 Av. de Alfonso Molina, Pedralonga
0%
594 Av. de Arteixo, 74
0%
257 Av. de Arteixo, 85
0%
467 Av. de Arteixo, Centro de Saúde
0%
466 Av. de Arteixo, fronte ó 105
0%
385 Av. de Bos Aires
0%
234 Av. de Fisterra, 147
0%
217 Av. de Fisterra, 192
0%
233 Av. de Fisterra, 215
0%
218 Av. de Fisterra, 256
0%
219 Av. de Fisterra, 288
0%
236 Av. de Fisterra, 31
0%
215 Av. de Fisterra, 44
0%
235 Av. de Fisterra, 69
0%
216 Av. de Fisterra, 84
0%
232 Av. de Fisterra, Rda. de Outeiro
0%
220 Av. de Fisterra, Ventorrillo
0%
263 Av. de Hércules, 115
0%
182 Av. de Hércules, 37
0%
181 Av. de Hércules, mercado
0%
071 Av. de Monelos, 103
0%
070 Av. de Monelos, 141
0%
378 Av. de Monelos, 211
0%
377 Av. de Monelos, 243
0%
072 Av. de Monelos, 45
0%
012 Av. de Monelos, Bloque 2
0%
445 Av. de Monelos, Bloque 6
0%
363 Av. de Monelos, fronte ó 211
0%
109 Av. de Monelos, Oleoduto
0%
011 Av. de Monelos, Torre 8
0%
367 Av. de Montserrat, 40
0%
375 Av. de Montserrat, Oncolóxico
0%
366 Av. de Montserrat, Urb. Los Arces
0%
365 Av. de Montserrat, xeriátrico
0%
173 Av. de Navarra, 27
0%
170 Av. de Navarra, 57
0%
152 Av. de Navarra, glorieta
0%
568 Av. de Navarra, Rda. de Monte Alto
0%
039 Av. de Oza, 115
0%
038 Av. de Oza, 141
0%
031 Av. de Oza, 142
0%
037 Av. de Oza, 185
0%
032 Av. de Oza, 186
0%
033 Av. de Oza, 212
0%
034 Av. de Oza, 254
0%
035 Av. de Oza, 290
0%
040 Av. de Oza, 7
0%
030 Av. de Oza, Gaiteira
0%
029 Av. de Oza, Río Monelos
0%
373 Av. de Pedralonga, 57
0%
368 Av. de Pedralonga, Fábrica de Armas
0%
374 Av. de Pedralonga, fronte ó 4
0%
240 Av. de Peruleiro, 20
0%
272 Av. do Exército, 16
0%
416 Av. do Exército, 44
0%
524 Av. do Exército, 68
0%
271 Av. do Exército, Casa do Mar
0%
022 Av. do Exército, cruzamento Porto
0%
021 Av. do Exército, glorieta
0%
563 Av. do Ferrocarril, 54
0%
565 Av. do Ferrocarril, 81
0%
100 Av. do Ferrocarril, Estación de Trens
0%
581 Av. do Ferrocarril, Residencial Trébole
0%
598 Av. do Porto, A Terraza
0%
597 Av. do Porto, entrada parking
0%
548 Breogán
0%
073 Cabaleiros, 33
0%
074 Cabaleiros, Estación Autobuses
0%
009 Cabaleiros, fronte á Estación Autobuses
0%
010 Cabaleiros, Ministerios
0%
193 Camilo José Cela, Bloque 2
0%
111 Camilo José Cela, Bloque 20
0%
112 Camilo José Cela, Bloque 29
0%
113 Camilo José Cela, Bloque 30
0%
380 Camilo José Cela, Bloque 40
0%
191 Camilo José Cela, Bloque 44
0%
192 Camilo José Cela, Bloque 56
0%
107 Camilo José Cela, Liceo La Paz
0%
106 Camilo José Cela, Matogrande
0%
362 Camilo José Cela, San Cristovo
0%
461 Campus de Elviña, cruzamento pobo
0%
305 | 307 Cemiterio de Feáns
0%
147 Cemiterio de Santo Amaro
0%
409 | 415 Chalés Refinería
0%
153 Cidade Deportiva da Torre
0%
411 | 413 Comeanda
0%
546 Cruzamento de Luis Freire
0%
508 Curtis, fronte ó 6
0%
560 Educación, Conservatorio
0%
259 Enrique Dequidt
0%
119 Estación de Trens, glorieta
0%
304 | 308 Estrada Cemiterio, Estrada de Uxes
0%
499 Estrada de Bens, Av. de Fisterra
0%
408 Estrada de Bens, Penamoa
0%
212 Estrada de Carballo, Iveco
0%
364 Estrada de Eirís, 40
0%
376 Estrada de Eirís, fronte ó 46
0%
297 Estrada de Mesoiro, glorieta
0%
300 | 311 | 330 Estrada de Mesoiro, Illas Sisargas
0%
296 | 316 | 325 Estrada de Pocomaco, O Martinete
0%
335 Estrada do Obradoiro
0%
309 Feáns, 109
0%
302 Feáns, 56
0%
303 Feáns, 76
0%
547 Félix Rodríguez de la Fuente
0%
294 | 341 FP Someso
0%
544 Francisco Sánchez
0%
395 Glorieta Av. de Fisterra, Rda. de Outeiro
0%
108 Glorieta cruzamento Eirís
0%
496 Glorieta cruzamento Eirís, viaduto
0%
391 Glorieta da Torre
0%
084 Gran Canaria, Pza. de Náutica
0%
048 Gregorio Hernández, 2
0%
522 | 541 Igrexa de Bens
0%
495 Illas Sisargas, Feáns
0%
486 Illas Sisargas, supermercado
0%
456 | 558 Intercampus, Arquitectura
0%
458 Intercampus, O Castro
0%
509 José María Hernansáez, 31
0%
006 Linares Rivas, 26
0%
452 Lisboa
0%
501 Lugar de Penarredonda
0%
542 | 543 Luis Iglesias, 4
0%
248 Manuel Murguía, Casa da Auga
0%
238 Manuel Murguía, Escravas
0%
249 Manuel Murguía, pavillón
0%
468 María J. Wonenburger
0%
203 Marqués de Figueroa
0%
379 Matogrande
0%
557 Matogrande, rotonda
0%
410 | 414 Mazaído
0%
574 | 577 Meicende, Av. do Butano
0%
338 Mesoiro, 11
0%
298 Mesoiro, 22
0%
337 Mesoiro, 43
0%
299 Mesoiro, 90
0%
241 Mosteiro de Bergondo, 12
0%
469 Newton
0%
481 Newton, Galileo Galilei
0%
404 Nostián
0%
435 Nova York, Amberes
0%
429 Nova York, Augas Mansas
0%
571 | 572 Nova York, A Zapateira
0%
453 Nova York, Belgrado
0%
431 Nova York, Casino
0%
428 Nova York, Filoloxía
0%
443 Nova York, fronte ó Casino
0%
498 Nova York, Londres
0%
480 Nova York, Los Abetos
0%
578 Nova York, lugar de Monte do Espiño
0%
430 Nova York, Valaire
0%
357 Nova York, Xesuitinas
0%
492 Novo Mesoiro, fronte ó 38
0%
417 O Birloque, Bloque 6-8
0%
324 O Birloque, Estrada de Pocomaco
0%
343 O Birloque, polideportivo
0%
317 O Birloque, residencial O Birloque
0%
334 Obradoiro
0%
339 O Martinete, Estrada de Pocomaco
0%
140 O Parrote, Hotel Finisterre
0%
164 O Portiño
0%
148 Orillamar, 96
0%
525 Os Castros, Av. da Concordia
0%
252 Os Mallos, Biscaia
0%
253 Os Mallos, Rda. de Outeiro
0%
358 Os Rosales, cruzamento San Pedro
0%
116 Pablo Picasso, Edif. San Cristóbal
0%
284 Pablo Picasso, Isaac Díaz Pardo
0%
082 Paseo de Rda., 24
0%
083 Paseo de Rda., Almirante Lángara
0%
389 Paseo Marítimo, 9
0%
155 Paseo Marítimo, As Lagoas
0%
426 Paseo Marítimo, Centro de Saúde
0%
157 Paseo Marítimo, fonte dos Surfistas
0%
390 Paseo Marítimo, FP Ánxel Casal
0%
156 Paseo Marítimo, fronte á Domus
0%
154 Paseo Marítimo, fronte FP Ánxel Casal
0%
159 Paseo Marítimo, fronte ó Centro de Saúde
0%
386 Paseo Marítimo, Matadoiro
0%
425 Paseo Marítimo, Modesta Goicouría
0%
169 Paseo Marítimo, Salesianos
0%
387 Paseo Marítimo, Santa Teresa
0%
242 Peñamaría de Llano, 6
0%
505 Pérez Ardá, Brasil
0%
258 Pla y Cancela, 41
0%
326 Pocomaco B15
0%
312 Pocomaco, cruzamento Mesoiro
0%
329 Pocomaco, Terceira Rda.
0%
139 Porta Real, Dársena
0%
551 Porto de Oza
0%
007 Primo de Rivera, 1
0%
023 Primo de Rivera, A Palloza
0%
018 Pza. da Concordia, 27
0%
270 Pza. da Palloza
0%
183 Pza. de España, 24
0%
207 Pza. de Monforte
0%
015 Pza. de Pablo Iglesias, 8
0%
046 Pza. do Conservatorio
0%
161 Pza. do Mestre Mateo
0%
396 Ramón y Cajal, 30
0%
268 Ramón y Cajal, Casa do Mar
0%
388 Rda. de Monte Alto, 117
0%
569 Rda. de Monte Alto, 32
0%
570 Rda. de Monte Alto, 52
0%
050 Rda. de Nelle, 109
0%
080 Rda. de Nelle, 130
0%
049 Rda. de Nelle, 145
0%
077 Rda. de Nelle, 26
0%
078 Rda. de Nelle, 70
0%
051 Rda. de Nelle, 73
0%
079 Rda. de Nelle, 90
0%
052 Rda. de Nelle, Av. de Arteixo
0%
081 Rda. de Nelle, Paseo das Pontes
0%
099 Rda. de Outeiro, 109
0%
120 Rda. de Outeiro, 126
0%
098 Rda. de Outeiro, 147
0%
121 Rda. de Outeiro, 152
0%
122 Rda. de Outeiro, 172
0%
123 Rda. de Outeiro, 212
0%
095 Rda. de Outeiro, 219
0%
094 Rda. de Outeiro, 249
0%
125 Rda. de Outeiro, 252
0%
126 Rda. de Outeiro, 272
0%
092 Rda. de Outeiro, 293
0%
127 Rda. de Outeiro, 304
0%
264 Rda. de Outeiro, Hotel Avenida
0%
559 Rda. de Outeiro, IES Rafael Dieste
0%
091 Rda. de Outeiro, Manuel Murguía
0%
269 Rda. de Outeiro, Pérez Ardá
0%
096 Rda. de Outeiro, Sagrada Familia
0%
265 Rda. de Outeiro, viaduto
0%
097 Rda. de Outeiro, Vioño
0%
224 | 226 Refinería
0%
149 Residencia Torrente Ballester
0%
490 Ribeira Sacra, 12
0%
489 Ribeira Sacra, 3
0%
245 Rodrigo A. de Santiago
0%
555 Rúa Hospital, Zalaeta
0%
382 Salvador de Madariaga, mercado
0%
383 Salvador de Madariaga, Monelos
0%
381 Salvador de Madariaga, Pablo Neruda
0%
361 Salvador de Madariaga, Rafael Alberti
0%
167 San Andrés, 121
0%
168 San Andrés, 33
0%
185 San Andrés, Africano
0%
114 San Cristovo, 2
0%
105 San Cristovo, campo de fútbol
0%
564 San Crsitovo, Av. da Sardiñeira
0%
132 San Pedro de Visma, Estrada do Portiño
0%
165 San Pedro de Visma, Estrada dos Fortes
0%
584 Santa Cristina, glorieta
0%
370 Santa Xema
0%
200 Santo Tomás, 2
0%
225 San Xosé
0%
504 Severo Ochoa
0%
471 Severo Ochoa, Galileo Galilei
0%
470 Severo Ochoa, Newton
0%
575 Travesía de Meicende, 166
0%
576 Travesía de Meicende, 214
0%
587 Urbanización Monte Golf
0%
585 Urbanización Os Olivos
0%
586 Urbanización Valle Sur
0%
463 Valaire 107-109
0%
483 Valaire, O Carón
0%
244 Ventorrillo, Centro de Saúde
0%
507 Vicente Aleixandre, 1
0%
506 Vicente Aleixandre, 55
0%
246 Vila de Negreira, 43
0%
247 Vila de Negreira, 9
0%
101 | 118 Xeneral Rubín
0%
No se encontraron pruebas coincidentes
Distribución de puntuación
Porcentaje de gente con cada puntuación
Porcentaje por número respondido
Historial de tus puntuaciones
No has intentado esta prueba.